|
|
|
|
| LEADER |
00000nab a2200000 a 4500 |
| 001 |
vtls010304499 |
| 003 |
SK-MaSNL |
| 005 |
20260303091201.0 |
| 008 |
110818c20110818xo drz 0 0slo |
| 038 |
|
|
|a KEVKJB
|
| 040 |
|
|
|a KEVKJB
|b slo
|c KEVKJB
|e AACR2
|
| 041 |
0 |
|
|a slo
|
| 044 |
|
|
|a xo
|c SK
|
| 080 |
|
|
|a 582.3/.99
|2 2001
|
| 100 |
1 |
|
|a Sambor, Miroslav
|4 aut
|9 872736
|
| 245 |
1 |
0 |
|a V Slančíku vyrástla obrovská slnečnica
|b meria 5 metrov!
|c Miroslav Sambor
|
| 300 |
|
|
|b Fotogr.
|
| 650 |
0 |
7 |
|a slnečnice
|2 kevkjb
|9 27506
|
| 651 |
|
7 |
|a Slančík (Slovensko)
|2 kevkjb
|9 107744
|
| 651 |
|
7 |
|a Košice-okolie (Slovensko : okres)
|2 kevkjb
|9 146743
|
| 773 |
0 |
|
|t Košický Korzár
|g Roč. XIV., č. 192 (18.8.2011), s. 3
|x 1335-4566
|
| 852 |
|
|
|a KEVKJB
|b KIS3GCP
|
| 999 |
|
|
|c 1806475
|d 1808405
|